[Event "Madrid-chT 1920"]
[Site "Madrid"]
[Date "2019.12.15"]
[Round "3.1"]
[White "Alcazar Jimenez, Victor Manuel"]
[Black "Reyes Larena, Juan"]
[Result "0-1"]
[WhiteElo "2368"]
[BlackElo "2442"]
[PlyCount "84"]
[EventDate "2019.11.24"]
[EventType "team-tourn"]
[EventRounds "14"]
[EventCountry "ESP"]
[SourceVersionDate "2019.11.24"]
[WhiteTeam "Getafe"]
[BlackTeam "San Sebastian de los Reyes"]
[WhiteTeamCountry "ESP"]
[BlackTeamCountry "ESP"]

1. e4 e5 2. Nf3 Nc6 3. Bc4 Be7 4. c3 Nf6 5. d3 O-O 6. O-O d6 7. Bb3 Na5 8. Bc2
c5 9. Re1 Nc6 10. Nbd2 Qc7 11. Nf1 d5 12. exd5 Nxd5 13. Qe2 Bd6 14. Ng3 Nf4 15.
Qf1 Bg4 16. Nd2 Rad8 17. Nc4 Be6 18. a4 Rfe8 19. Be3 b6 20. Rad1 Be7 21. Bc1 g6
22. f3 Bf6 23. Ne4 Bg7 24. g3 Nd5 25. Ng5 Bc8 26. Ne3 Nxe3 27. Bxe3 h6 28. Ne4
f5 29. Nd2 Kh7 30. Nc4 Bb7 31. Qh3 Na5 32. Nxa5 bxa5 33. Rf1 Rf8 34. Qh4 f4 35.
gxf4 exf4 36. Bc1 Rd5 37. Rd2 Bf6 38. Qe1 Bc8 39. Qe4 Re5 40. Qc4 Be6 41. Qa6
Bh3 42. Rfd1 Qe7 0-1

[Event "Madrid-chT 1920"]
[Site "Madrid"]
[Date "2019.12.15"]
[Round "3.2"]
[White "Reyes Penas, Sebastian"]
[Black "Gago Padreny, Ignacio"]
[Result "0-1"]
[WhiteElo "2220"]
[BlackElo "2276"]
[PlyCount "70"]
[EventDate "2019.11.24"]
[EventType "team-tourn"]
[EventRounds "14"]
[EventCountry "ESP"]
[SourceVersionDate "2019.11.24"]
[WhiteTeam "San Sebastian de los Reyes"]
[BlackTeam "Getafe"]
[WhiteTeamCountry "ESP"]
[BlackTeamCountry "ESP"]

1. e4 c6 2. d4 d5 3. exd5 cxd5 4. Bd3 Nc6 5. c3 Nf6 6. h3 g6 7. Nf3 Bf5 8. O-O
Bxd3 9. Qxd3 Bg7 10. Re1 O-O 11. Bf4 e6 12. Nbd2 Rc8 13. b4 Ne7 14. Ne5 Nf5 15.
a4 Nd6 16. f3 Nh5 17. Bh2 Qg5 18. Rac1 Nf4 19. Bxf4 Qxf4 20. Nb3 Rc7 21. Nc5
Rfc8 22. Rc2 Nf5 23. a5 b6 24. axb6 axb6 25. Na4 Nxd4 26. Qxd4 Qxd4+ 27. cxd4
Rxc2 28. Nxb6 Rb8 29. Nbd7 Rxb4 30. Ra1 Rc8 31. Ra7 Rxd4 32. Kf2 Rd2+ 33. Kg3
Rdc2 34. Nxf7 Kxf7 35. Nb6+ R8c7 0-1

[Event "Madrid-chT 1920"]
[Site "Madrid"]
[Date "2019.12.15"]
[Round "3.3"]
[White "Khudov, Oleksandr"]
[Black "Martinez Fernandez, Raul"]
[Result "1/2-1/2"]
[WhiteElo "2264"]
[BlackElo "2203"]
[PlyCount "150"]
[EventDate "2019.11.24"]
[EventType "team-tourn"]
[EventRounds "14"]
[EventCountry "ESP"]
[SourceVersionDate "2019.11.24"]
[WhiteTeam "Getafe"]
[BlackTeam "San Sebastian de los Reyes"]
[WhiteTeamCountry "ESP"]
[BlackTeamCountry "ESP"]

1. d4 d5 2. Bf4 c5 3. c3 Nc6 4. e3 Nf6 5. Nf3 Qb6 6. Qc2 g6 7. Nbd2 Bf5 8. dxc5
Qxc5 9. Qb3 Na5 10. Qa4+ Bd7 11. Qc2 Qb6 12. Ne5 Bg7 13. Nxd7 Nxd7 14. Be2 O-O
15. O-O Rac8 16. Rab1 e5 17. Bg3 Nc6 18. Rfd1 Na5 19. Bf3 e4 20. Be2 Ne5 21.
Nb3 Nxb3 22. Qxb3 Qxb3 23. axb3 Rfd8 24. Ra1 Nc6 25. Bh4 Rd7 26. Bc4 h6 27.
Rxd5 Rxd5 28. Bxd5 g5 29. Bg3 Rd8 30. Bxe4 Rd2 31. Bxc6 bxc6 32. Rb1 h5 33. h4
Bf6 34. hxg5 Bxg5 35. b4 Bf6 36. Kf1 h4 37. Ke1 Rxb2 38. Rxb2 Bxc3+ 39. Ke2
Bxb2 40. Bxh4 Ba3 41. Be7 a5 42. Bd8 Bxb4 43. Kd3 a4 44. Kc4 Bf8 45. Ba5 Kh7
46. Bc3 Kg6 47. f3 Kg5 48. g4 Be7 49. Be5 Ba3 50. Bf4+ Kf6 51. e4 Ke6 52. Bd2
Bb2 53. f4 a3 54. Kb3 c5 55. Be3 c4+ 56. Ka2 Kd6 57. Ba7 Bc1 58. Kb1 Bd2 59.
Bd4 c3 60. f5 a2+ 61. Kxa2 c2 62. e5+ Kc6 63. Bb2 c1=Q 64. Bxc1 Bxc1 65. Kb1
Bf4 66. e6 f6 67. Kc2 Bd6 68. Kd3 Kd5 69. Ke3 Ke5 70. Kf3 Be7 71. Kg3 Ke4 72.
Kh4 Bd8 73. Kh5 Kf4 74. Kh4 Kf3 75. Kh5 Kf4 1/2-1/2

[Event "Madrid-chT 1920"]
[Site "Madrid"]
[Date "2019.12.15"]
[Round "3.4"]
[White "Alfaya Marcelo, Roberto"]
[Black "Walter, Florian"]
[Result "0-1"]
[WhiteElo "2171"]
[BlackElo "2192"]
[PlyCount "82"]
[EventDate "2019.11.24"]
[EventType "team-tourn"]
[EventRounds "14"]
[EventCountry "ESP"]
[SourceVersionDate "2019.11.24"]
[WhiteTeam "San Sebastian de los Reyes"]
[BlackTeam "Getafe"]
[WhiteTeamCountry "ESP"]
[BlackTeamCountry "ESP"]

1. d4 Nf6 2. c4 g6 3. Nc3 d5 4. cxd5 Nxd5 5. g3 Bg7 6. Bg2 Nb6 7. e3 e5 8. d5
c6 9. dxc6 Qxd1+ 10. Nxd1 Nxc6 11. Bxc6+ bxc6 12. e4 Ba6 13. b3 Bf8 14. Bd2 Nd7
15. f3 Nc5 16. Kf2 O-O-O 17. Bc3 Bh6 18. Kg2 f5 19. exf5 gxf5 20. Nh3 Rhe8 21.
Nb2 Bd2 22. Nd1 Bxc3 23. Nxc3 Rd2+ 24. Nf2 Nd3 25. Rhf1 Rc2 26. Ncd1 Nf4+ 27.
Kg1 Bxf1 28. Ne3 Re2 29. Nxf1 Nd5 30. g4 fxg4 31. Nxg4 Nf4 32. Ng3 Rg2+ 33. Kh1
Rd8 34. Ne3 Rb2 35. Ne4 Rd3 36. Nc4 Rxa2 37. Rf1 Rxf3 38. Rc1 Rh3 39. Ncd2 Kc7
40. b4 Rd3 41. Nc4 Rc2 0-1

[Event "Madrid-chT 1920"]
[Site "Madrid"]
[Date "2019.12.15"]
[Round "3.5"]
[White "Garcia Salamero, Gabriel"]
[Black "Guillo Longares, Cecilia"]
[Result "0-1"]
[WhiteElo "2194"]
[BlackElo "2143"]
[PlyCount "118"]
[EventDate "2019.11.24"]
[EventType "team-tourn"]
[EventRounds "14"]
[EventCountry "ESP"]
[SourceVersionDate "2019.11.24"]
[WhiteTeam "Getafe"]
[BlackTeam "San Sebastian de los Reyes"]
[WhiteTeamCountry "ESP"]
[BlackTeamCountry "ESP"]

1. e4 c5 2. Nf3 Nc6 3. d4 cxd4 4. Nxd4 g6 5. Nc3 Bg7 6. Nde2 Nf6 7. g3 b5 8.
Bg2 Rb8 9. O-O O-O 10. Bf4 d6 11. h3 b4 12. Nd5 Ba6 13. Re1 Ne8 14. Bc1 Nc7 15.
f4 Nb5 16. f5 e6 17. Ne3 Qb6 18. Nf4 Nbd4 19. Kh2 exf5 20. exf5 Qc5 21. Nfd5
Nxf5 22. Nxf5 gxf5 23. Be3 Qa5 24. Qh5 Qd8 25. Bg5 f6 26. Bf4 Ne5 27. Ne3 Qe8
28. Qxf5 Bc8 29. Qe4 Bb7 30. Nd5 Qf7 31. Rad1 f5 32. Qe3 Kh8 33. Bh6 Rg8 34.
Bf4 Rge8 35. Qb3 Qh5 36. Kg1 a5 37. Rf1 Ba6 38. Ne3 Bxf1 39. Rxf1 Rbd8 40. Qd5
Ng6 41. Nxf5 Nxf4 42. gxf4 Bxb2 43. Qd3 Qe2 44. Qd5 Qxc2 45. Nh6 Qc5+ 46. Qxc5
dxc5 47. Nf7+ Kg7 48. Nxd8 Rxd8 49. Be4 c4 50. Kf2 Rd2+ 51. Ke3 Rh2 52. Rg1+
Kf6 53. Rg2 Rxh3+ 54. Kd2 Bd4 55. f5 b3 56. axb3 cxb3 57. Rg8 Bc3+ 58. Ke2 b2
59. Rb8 Bb4 0-1

[Event "Madrid-chT 1920"]
[Site "Madrid"]
[Date "2019.12.15"]
[Round "3.6"]
[White "Jovancevic, Jovan"]
[Black "Guerrero Villanueva, David"]
[Result "1-0"]
[WhiteElo "2063"]
[BlackElo "2010"]
[PlyCount "121"]
[EventDate "2019.11.24"]
[EventType "team-tourn"]
[EventRounds "14"]
[EventCountry "ESP"]
[SourceVersionDate "2019.11.24"]
[WhiteTeam "San Sebastian de los Reyes"]
[BlackTeam "Getafe"]
[WhiteTeamCountry "ESP"]
[BlackTeamCountry "ESP"]

1. d4 c5 2. d5 e5 3. e4 d6 4. Nc3 Nf6 5. Be2 Be7 6. Nf3 a6 7. a4 O-O 8. O-O
Nbd7 9. Nd2 b6 10. Nc4 Rb8 11. Re1 Re8 12. Bf1 Qc7 13. Ne3 g6 14. g3 Bf8 15.
Ng4 Nxg4 16. Qxg4 Bg7 17. Qe2 Nf8 18. g4 f6 19. Ra3 g5 20. Qf3 Ng6 21. Ne2 Nh4
22. Qg3 b5 23. axb5 axb5 24. Ra2 Bd7 25. Bd2 Ra8 26. Rea1 Rxa2 27. Rxa2 Rb8 28.
f4 h6 29. f5 Qb7 30. b4 Ra8 31. Rxa8+ Qxa8 32. Kf2 Qa4 33. Qb3 Qa6 34. bxc5
dxc5 35. Be3 Bf8 36. c4 b4 37. Nc1 Bd6 38. Nd3 Qa5 39. Be2 Kf7 40. Bd1 Ke7 41.
Kg3 Bc8 42. Qa4 Qb6 43. Qa8 Qc7 44. Ba4 h5 45. gxh5 Nxf5+ 46. Kf2 Nh6 47. h3
Bd7 48. Bxd7 Qxd7 49. Kg3 Nf7 50. Nxc5 Qc7 51. Ne6 Qb8 52. Qxb8 Bxb8 53. c5 b3
54. Bc1 Ba7 55. Ba3 Kd7 56. c6+ Kc8 57. h6 Bb8 58. h7 b2 59. Bxb2 Bd6 60. Kg4
Bb4 61. Kh5 1-0

[Event "Madrid-chT 1920"]
[Site "Madrid"]
[Date "2019.12.15"]
[Round "3.1"]
[White "Elissalt Cardenas, Hector"]
[Black "Espinosa Aranda, Angel"]
[Result "0-1"]
[WhiteElo "2273"]
[BlackElo "2499"]
[PlyCount "137"]
[EventDate "2019.11.24"]
[EventType "team-tourn"]
[EventRounds "14"]
[EventCountry "ESP"]
[SourceVersionDate "2019.11.24"]
[WhiteTeam "Tajamar"]
[BlackTeam "Virgen de Atocha"]
[WhiteTeamCountry "ESP"]
[BlackTeamCountry "ESP"]

1. c4 b6 2. Nc3 Bb7 3. e4 e5 4. a3 Nc6 5. d3 a5 6. g3 Bc5 7. Bg2 h5 8. h3 h4 9.
g4 Nge7 10. Nf3 Ng6 11. Bg5 Be7 12. Be3 Nf8 13. Qc2 Ne6 14. O-O-O Bc5 15. Nb5
Ncd4 16. Nbxd4 exd4 17. Bd2 Bd6 18. e5 Bxe5 19. Rde1 Bf6 20. g5 Be7 21. Nxh4
Rxh4 22. Bxb7 Rb8 23. Bf3 Bxg5 24. Bg4 Qf6 25. f4 Bxf4 26. Bxf4 Qxf4+ 27. Kb1
Rh6 28. Rhf1 Qd6 29. Rf5 Rf6 30. Rxf6 gxf6 31. Qf2 Ke7 32. h4 Rg8 33. Re4 Qc5
34. Bf5 b5 35. cxb5 Qxb5 36. Re1 Rh8 37. Rf1 Qe5 38. Re1 Qd6 39. Re4 c5 40. Bg4
Rb8 41. h5 Qd5 42. Bf5 Qb3 43. Re1 Rh8 44. Rh1 Rxh5 45. Rf1 Qd5 46. Bg4 Rh6 47.
Qd2 Qg5 48. Qe2 Qe3 49. Qc2 Rg6 50. Bxe6 fxe6 51. Qxc5+ Kf7 52. Qb5 Ke8 53. Ka2
Qe5 54. Qc4 Rg5 55. Ka1 Ke7 56. Rh1 Rg7 57. Rh8 Rg1+ 58. Ka2 Qd5 59. Qxd5 exd5
60. Rh4 Ke6 61. Rxd4 Ke5 62. Ra4 f5 63. Rxa5 f4 64. Ra8 Rg6 65. Rf8 Rf6 66. d4+
Kf5 67. Re8 f3 68. Re1 f2 69. Rf1 0-1

[Event "Madrid-chT 1920"]
[Site "Madrid"]
[Date "2019.12.15"]
[Round "3.2"]
[White "Almagro Llamas, Pablo"]
[Black "Rodriguez Lopez, David"]
[Result "1-0"]
[WhiteElo "2467"]
[BlackElo "2149"]
[PlyCount "109"]
[EventDate "2019.11.24"]
[EventType "team-tourn"]
[EventRounds "14"]
[EventCountry "ESP"]
[SourceVersionDate "2019.11.24"]
[WhiteTeam "Virgen de Atocha"]
[BlackTeam "Tajamar"]
[WhiteTeamCountry "ESP"]
[BlackTeamCountry "ESP"]

1. d4 d5 2. c4 e6 3. Nf3 Be7 4. cxd5 exd5 5. Bf4 Bd6 6. Bxd6 Qxd6 7. Nc3 c6 8.
e3 Ne7 9. Be2 O-O 10. a3 Nd7 11. Qc2 Nb6 12. Bd3 h6 13. O-O Qf6 14. e4 dxe4 15.
Nxe4 Qf4 16. Ne5 h5 17. g3 Qh6 18. Nc5 Nbd5 19. Rfe1 h4 20. Re4 g5 21. Qd2 hxg3
22. fxg3 Qg7 23. Nf3 f5 24. Re5 Ng6 25. Re2 f4 26. Nxg5 Qxd4+ 27. Kh1 Qxc5 28.
Bxg6 f3 29. Rf2 Qe3 30. Qxe3 Nxe3 31. Re1 Ng4 32. Rxf3 Rxf3 33. Nxf3 Bd7 34.
Re7 Rd8 35. Nh4 Nf6 36. Kg2 Bg4 37. Rxb7 Rd2+ 38. Kg1 Rd1+ 39. Kf2 Nd5 40. Bf7+
Kf8 41. Ng6+ Kg7 42. Bxd5+ Kxg6 43. Bf3 Bxf3 44. Kxf3 a5 45. Rb6 Rc1 46. Kg4
Rc4+ 47. Kh3 Kf5 48. Rb8 Rc2 49. b4 axb4 50. axb4 Ke6 51. Rf8 Kd6 52. Rf4 Kd5
53. g4 Rb2 54. g5 Ke5 55. Rg4 1-0

[Event "Madrid-chT 1920"]
[Site "Madrid"]
[Date "2019.12.15"]
[Round "3.3"]
[White "Mkrtchyan, Levon"]
[Black "Rubio Mejia, Luis Ignacio"]
[Result "1/2-1/2"]
[WhiteElo "2140"]
[BlackElo "2429"]
[PlyCount "82"]
[EventDate "2019.11.24"]
[EventType "team-tourn"]
[EventRounds "14"]
[EventCountry "ESP"]
[SourceVersionDate "2019.11.24"]
[WhiteTeam "Tajamar"]
[BlackTeam "Virgen de Atocha"]
[WhiteTeamCountry "ESP"]
[BlackTeamCountry "ESP"]

1. e4 c5 2. Nf3 e6 3. d4 cxd4 4. Nxd4 Nc6 5. Nc3 Qc7 6. Be3 a6 7. Qd2 Nf6 8. f3
Bb4 9. O-O-O Ne7 10. a3 Bxc3 11. Qxc3 Qxc3 12. bxc3 d5 13. e5 Nd7 14. f4 b6 15.
Nb3 Bb7 16. a4 a5 17. Nd4 O-O 18. Nb5 Bc6 19. Be2 Nc5 20. Bxc5 bxc5 21. Kd2 c4
22. Rb1 Rfb8 23. Nc7 Rxb1 24. Rxb1 Rc8 25. Nb5 Rb8 26. g4 Bxb5 27. axb5 Nc8 28.
Ke3 Nb6 29. Kd4 Rc8 30. f5 Kf8 31. Rf1 Ke7 32. g5 a4 33. f6+ Kf8 34. fxg7+ Kxg7
35. Bh5 Rc7 36. Ra1 Kf8 37. h4 Ke7 38. Rf1 Ke8 39. Ra1 Ke7 40. Rf1 Ke8 41. Ra1
Ke7 1/2-1/2

[Event "Madrid-chT 1920"]
[Site "Madrid"]
[Date "2019.12.15"]
[Round "3.4"]
[White "Martinez Conde Hernandez, Carlos"]
[Black "Ingunza Curro, Andres"]
[Result "0-1"]
[WhiteElo "2167"]
[BlackElo "2119"]
[PlyCount "84"]
[EventDate "2019.11.24"]
[EventType "team-tourn"]
[EventRounds "14"]
[EventCountry "ESP"]
[SourceVersionDate "2019.11.24"]
[WhiteTeam "Virgen de Atocha"]
[BlackTeam "Tajamar"]
[WhiteTeamCountry "ESP"]
[BlackTeamCountry "ESP"]

1. e4 e5 2. Nf3 Nc6 3. Bb5 a6 4. Ba4 Nf6 5. O-O Be7 6. Re1 b5 7. Bb3 d6 8. a4
Bb7 9. d3 O-O 10. Nc3 b4 11. Ne2 Na5 12. Ba2 c5 13. Ng3 Bc8 14. Bc4 Be6 15. b3
Nd7 16. h3 Nb6 17. Qe2 Nc6 18. Bd2 a5 19. Nf5 Bxf5 20. exf5 Kh8 21. g4 Rc8 22.
Be3 d5 23. Bb5 Qd6 24. Rac1 Bd8 25. Qf1 Bc7 26. Qg2 f6 27. Qg3 Ne7 28. Kg2 g6
29. fxg6 Nxg6 30. Nh4 Nxh4+ 31. Qxh4 f5 32. Bg5 e4 33. Rh1 Qe5 34. Rce1 Bd8 35.
dxe4 dxe4 36. Bxd8 Rcxd8 37. Rd1 Nd5 38. Rhe1 fxg4 39. Bc4 Nf4+ 40. Kh1 Rxd1
41. Rxd1 Nxh3 42. Rd8 Qa1+ 0-1

[Event "Madrid-chT 1920"]
[Site "Madrid"]
[Date "2019.12.15"]
[Round "3.5"]
[White "Martinez Aragon, Aitor"]
[Black "Perez de Aranda, Leonardo Ivan"]
[Result "1-0"]
[WhiteElo "1979"]
[BlackElo "2134"]
[PlyCount "121"]
[EventDate "2019.11.24"]
[EventType "team-tourn"]
[EventRounds "14"]
[EventCountry "ESP"]
[SourceVersionDate "2019.11.24"]
[WhiteTeam "Tajamar"]
[BlackTeam "Virgen de Atocha"]
[WhiteTeamCountry "ESP"]
[BlackTeamCountry "ESP"]

1. e4 c5 2. Nf3 d6 3. d4 cxd4 4. Nxd4 Nf6 5. Nc3 a6 6. Bg5 e6 7. f4 Be7 8. Qf3
Nbd7 9. O-O-O Qc7 10. g4 h6 11. Bxf6 Bxf6 12. h4 Qb6 13. Nb3 Be7 14. Kb1 Nc5
15. g5 hxg5 16. hxg5 Rxh1 17. Qxh1 Nxb3 18. axb3 Bd7 19. g6 fxg6 20. Qh7 O-O-O
21. Qxg7 Re8 22. Qxg6 Qe3 23. Bc4 Bd8 24. f5 d5 25. fxe6 Rxe6 26. Qf7 Re7 27.
Qxd5 Qb6 28. Na4 Qc6 29. Nc5 Qxd5 30. Bxd5 Bg4 31. Bxb7+ Kc7 32. Rg1 Be2 33.
Bxa6 Bf3 34. Bd3 Re5 35. b4 Be7 36. Rg7 Kc6 37. Rg6+ Kc7 38. Re6 Rxe6 39. Nxe6+
Kb6 40. Nf4 Bd6 41. Nd5+ Kb7 42. c3 Be5 43. Kc2 Bh5 44. Bb5 Bf7 45. Kd3 Be6 46.
Ne3 Bf7 47. Bc4 Bg6 48. Bd5+ Kb8 49. b5 Be8 50. b6 Bd7 51. b4 Bc8 52. c4 Bf4
53. b5 Bd7 54. Kd4 Bd6 55. e5 Bf8 56. e6 Be8 57. Nf5 Ba3 58. Ke5 Bb2+ 59. Nd4
Kc8 60. Bc6 Bh5 61. e7 1-0

[Event "Madrid-chT 1920"]
[Site "Madrid"]
[Date "2019.12.15"]
[Round "3.6"]
[White "Vazquez Torres, Adrian"]
[Black "Sahuquillo Cruz, Alejandro"]
[Result "1-0"]
[WhiteElo "2130"]
[BlackElo "1969"]
[PlyCount "71"]
[EventDate "2019.11.24"]
[EventType "team-tourn"]
[EventRounds "14"]
[EventCountry "ESP"]
[SourceVersionDate "2019.11.24"]
[WhiteTeam "Virgen de Atocha"]
[BlackTeam "Tajamar"]
[WhiteTeamCountry "ESP"]
[BlackTeamCountry "ESP"]

1. e4 c5 2. Nf3 Nc6 3. d4 cxd4 4. Nxd4 e5 5. Nf3 Nf6 6. Bc4 Bc5 7. O-O h6 8. c3
a5 9. Qd3 Qb6 10. Nbd2 O-O 11. Nh4 Ne7 12. Nb3 d6 13. Nxc5 Qxc5 14. Be3 Qc6 15.
Rad1 Rd8 16. Bd5 Nfxd5 17. exd5 Qa4 18. f4 Bg4 19. Rd2 e4 20. Qb1 f5 21. h3 Bh5
22. Kh2 Qc4 23. Rd4 Qc7 24. Rg1 Be2 25. g4 Qd7 26. gxf5 Bd3 27. Rxd3 exd3 28.
f6 Nf5 29. Qxd3 Nxh4 30. Rxg7+ Qxg7 31. fxg7 Rd7 32. Bf2 Ng2 33. Kxg2 Rxg7+ 34.
Kh2 Kf8 35. Bd4 Rf7 36. Qg6 1-0

[Event "Madrid-chT 1920"]
[Site "Madrid"]
[Date "2020.01.12"]
[Round "4.1"]
[White "Gallardo Garcia, Andres"]
[Black "Martinez Reyes, Pedro Ramon"]
[Result "1/2-1/2"]
[WhiteElo "2322"]
[BlackElo "2407"]
[PlyCount "55"]
[EventDate "2019.11.24"]
[EventType "team-tourn"]
[EventRounds "14"]
[EventCountry "ESP"]
[SourceVersionDate "2019.11.24"]
[WhiteTeam "Liberty Chess"]
[BlackTeam "Blanco y Negro"]
[WhiteTeamCountry "ESP"]
[BlackTeamCountry "ESP"]

1. e4 d5 2. exd5 Qxd5 3. Nc3 Qd8 4. d4 Nf6 5. Bg5 g6 6. Qd2 Bg7 7. O-O-O O-O 8.
Bh6 Nc6 9. d5 Bxh6 10. Qxh6 Ne5 11. f3 c6 12. Qg5 Ned7 13. Bc4 b5 14. Bb3 Bb7
15. dxc6 Bxc6 16. h4 a5 17. h5 a4 18. Bd5 b4 19. Bxc6 bxc3 20. bxc3 Ra5 21. Bb5
Qc7 22. hxg6 fxg6 23. Ne2 Ne5 24. c4 Qc5 25. Kb1 Rfa8 26. Ka1 Qc7 27. Qe3 Rc8
28. Rd4 1/2-1/2

[Event "Madrid-chT 1920"]
[Site "Madrid"]
[Date "2020.01.12"]
[Round "4.2"]
[White "Ballester Llagaria, Luis Eduardo"]
[Black "Sanchez Gonzalez, Sergio"]
[Result "1-0"]
[WhiteElo "2316"]
[BlackElo "2306"]
[PlyCount "103"]
[EventDate "2019.11.24"]
[EventType "team-tourn"]
[EventRounds "14"]
[EventCountry "ESP"]
[SourceVersionDate "2019.11.24"]
[WhiteTeam "Blanco y Negro"]
[BlackTeam "Liberty Chess"]
[WhiteTeamCountry "ESP"]
[BlackTeamCountry "ESP"]

1. e4 c5 2. Nf3 e6 3. d4 cxd4 4. Nxd4 Nf6 5. Nc3 d6 6. g4 h6 7. h4 a6 8. Bg2 g6
9. g5 hxg5 10. Bxg5 Be7 11. Qd2 e5 12. Nde2 Be6 13. f4 Ng4 14. f5 Bc4 15. fxg6
fxg6 16. Nd5 Bxd5 17. exd5 Bxg5 18. hxg5 Rxh1+ 19. Bxh1 Qb6 20. Qd3 Qf2+ 21.
Kd2 Qf5 22. Qxf5 gxf5 23. Rf1 f4 24. Bf3 Ne3 25. Rh1 Nd7 26. Rh8+ Nf8 27. g6
Nf5 28. Bg4 Ne7 29. g7 Kf7 30. gxf8=Q+ Rxf8 31. Be6+ Kg7 32. Rxf8 Kxf8 33. Nc3
Ng6 34. Bc8 Nh4 35. Bxb7 Nf3+ 36. Kd1 a5 37. Ne4 Ke7 38. c3 Nh4 39. Kc2 Nf5 40.
Kd3 Kd7 41. Bc6+ Kc7 42. b4 axb4 43. cxb4 Nd4 44. b5 Nf5 45. a4 Kb6 46. Nd2 Nd4
47. Nc4+ Kc5 48. b6 e4+ 49. Kxe4 Nxc6 50. dxc6 d5+ 51. Kxf4 Kxc6 52. a5 1-0

[Event "Madrid-chT 1920"]
[Site "Madrid"]
[Date "2020.01.12"]
[Round "4.3"]
[White "Fernandez Garcia, Miguel Angel"]
[Black "Renteria Becerra, Jorge Elicer"]
[Result "0-1"]
[WhiteElo "2270"]
[BlackElo "2290"]
[PlyCount "70"]
[EventDate "2019.11.24"]
[EventType "team-tourn"]
[EventRounds "14"]
[EventCountry "ESP"]
[SourceVersionDate "2019.11.24"]
[WhiteTeam "Liberty Chess"]
[BlackTeam "Blanco y Negro"]
[WhiteTeamCountry "ESP"]
[BlackTeamCountry "ESP"]

1. d4 Nf6 2. c4 g6 3. Nc3 Bg7 4. Bf4 d6 5. h3 O-O 6. Nf3 Nc6 7. e3 Nd7 8. g4 e5
9. Bg5 f6 10. Bh4 exd4 11. exd4 Qe8+ 12. Be2 f5 13. g5 Ne7 14. Qd2 b6 15. Nb5
Qd8 16. Bg3 a6 17. Nc3 Bb7 18. Bf4 b5 19. O-O-O Nb6 20. b3 bxc4 21. bxc4 Bxf3
22. Bxf3 Rb8 23. Be2 Qd7 24. h4 Qc6 25. Qd3 d5 26. c5 Nc4 27. Qc2 Rb2 28. Qxb2
Nxb2 29. Kxb2 Rb8+ 30. Kc2 Rb4 31. Be3 f4 32. a3 Ra4 33. Kb3 Rc4 34. Nxd5 Qb5+
35. Nb4 Rxb4+ 0-1

[Event "Madrid-chT 1920"]
[Site "Madrid"]
[Date "2020.01.12"]
[Round "4.4"]
[White "Alarcia Astiz, Carlos"]
[Black "Martin Rueda, Daniel"]
[Result "1-0"]
[WhiteElo "2279"]
[BlackElo "2269"]
[PlyCount "73"]
[EventDate "2019.11.24"]
[EventType "team-tourn"]
[EventRounds "14"]
[EventCountry "ESP"]
[SourceVersionDate "2019.11.24"]
[WhiteTeam "Blanco y Negro"]
[BlackTeam "Liberty Chess"]
[WhiteTeamCountry "ESP"]
[BlackTeamCountry "ESP"]

1. e4 c5 2. Nf3 d6 3. d4 cxd4 4. Nxd4 Nf6 5. Nc3 a6 6. f4 e5 7. Nf3 Qc7 8. Bd3
Be7 9. O-O O-O 10. Kh1 b5 11. a3 Bb7 12. Qe1 Nbd7 13. Nh4 Rfe8 14. Nf5 Bf8 15.
fxe5 Nxe5 16. Qg3 Kh8 17. Be3 Nfg4 18. Bd4 Rac8 19. Rf4 Nf6 20. Rh4 g6 21. Ne3
Bg7 22. Rf1 Qd8 23. Qh3 Kg8 24. Rhf4 Rc7 25. Bb6 Nh5 26. R4f2 Bc8 27. g4 Qg5
28. Bxc7 Nxg4 29. Nxg4 Bxg4 30. Rg1 Qc5 31. Qxg4 Qxf2 32. Bxd6 Be5 33. Bxe5
Rxe5 34. Nd5 h6 35. Rf1 Qa7 36. Qc8+ Kg7 37. Qc7 1-0

[Event "Madrid-chT 1920"]
[Site "Madrid"]
[Date "2020.01.12"]
[Round "4.5"]
[White "Perez Gonzalez, Jose Manuel"]
[Black "Hidalgo Duque, Carlos"]
[Result "1/2-1/2"]
[WhiteElo "2181"]
[BlackElo "2254"]
[PlyCount "102"]
[EventDate "2019.11.24"]
[EventType "team-tourn"]
[EventRounds "14"]
[EventCountry "ESP"]
[SourceVersionDate "2019.11.24"]
[WhiteTeam "Liberty Chess"]
[BlackTeam "Blanco y Negro"]
[WhiteTeamCountry "ESP"]
[BlackTeamCountry "ESP"]

1. e4 c5 2. Nc3 Nc6 3. Nf3 e6 4. d4 cxd4 5. Nxd4 Qc7 6. Be3 a6 7. Qd2 Nf6 8.
O-O-O Be7 9. f3 O-O 10. g4 b5 11. Nxc6 dxc6 12. Qf2 Rb8 13. Qg3 e5 14. g5 Nh5
15. Qh4 Nf4 16. Bxf4 exf4 17. Bh3 Qe5 18. Bxc8 Bxg5 19. Qf2 Rfxc8 20. Rd7 Rc7
21. Rhd1 g6 22. Qd4 Qxd4 23. R1xd4 Rbb7 24. Rxc7 Rxc7 25. Ne2 Kf8 26. c3 Bf6
27. Rd1 Ke7 28. Kc2 Be5 29. a4 Rd7 30. Ra1 c5 31. axb5 axb5 32. Ra5 Rb7 33. b3
g5 34. Nc1 Bc7 35. Ra6 Bb6 36. Nd3 f6 37. c4 b4 38. h3 Rb8 39. Nb2 Kd7 40. Na4
Kc6 41. Nxb6 Rxb6 42. Ra7 Kd6 43. Rxh7 Ra6 44. Kb2 Ke5 45. Rd7 Rd6 46. Rxd6
Kxd6 47. Kc2 Ke6 48. Kd3 f5 49. exf5+ Kxf5 50. Ke2 Kg6 51. Kf2 Kf5 1/2-1/2

[Event "Madrid-chT 1920"]
[Site "Madrid"]
[Date "2020.01.12"]
[Round "4.6"]
[White "Martinez Rubi, Alberto"]
[Black "Barraza Caracuel, Ignacio"]
[Result "1-0"]
[WhiteElo "2121"]
[BlackElo "2148"]
[PlyCount "133"]
[EventDate "2019.11.24"]
[EventType "team-tourn"]
[EventRounds "14"]
[EventCountry "ESP"]
[SourceVersionDate "2019.11.24"]
[WhiteTeam "Blanco y Negro"]
[BlackTeam "Liberty Chess"]
[WhiteTeamCountry "ESP"]
[BlackTeamCountry "ESP"]

1. e4 c5 2. Nf3 d6 3. d4 cxd4 4. Nxd4 Nf6 5. Nc3 Nc6 6. f3 e6 7. Be3 a6 8. Qd2
Bd7 9. g4 Nxd4 10. Bxd4 b5 11. g5 Nh5 12. O-O-O Be7 13. Rg1 b4 14. Ne2 e5 15.
Be3 Qa5 16. Kb1 Be6 17. Nc1 O-O 18. Qe1 Rfc8 19. Qh4 g6 20. Bh3 Qc7 21. Rd2
Bxh3 22. Qxh3 a5 23. Qf1 a4 24. Qd3 a3 25. b3 Bf8 26. Ne2 Qd7 27. Rg4 Rc6 28.
Qd5 Rac8 29. h3 Qc7 30. Qd3 Bg7 31. Rg2 Qd7 32. h4 Qh3 33. Ng1 Qe6 34. Ne2 Qh3
35. Ng1 Qxh4 36. Qf1 Nf4 37. Rg4 Qh5 38. Qd1 h6 39. gxh6 Qxh6 40. Rxd6 Rxd6 41.
Qxd6 Qh7 42. Qd2 Qh1 43. Qf2 Nh3 44. Qe2 Nxg1 45. Rxg1 Qh4 46. Bd2 Qe7 47. Qb5
Qc7 48. Rc1 Rb8 49. Qe2 Bh6 50. c3 Bxd2 51. Qxd2 bxc3 52. Rxc3 Qb6 53. Qe3 Qb5
54. Qd3 Qa5 55. Qc4 Rd8 56. Qc7 Rd1+ 57. Kc2 Qxc7 58. Rxc7 Ra1 59. b4 Rxa2+ 60.
Kb3 Rf2 61. Kxa3 Rxf3+ 62. Ka4 Rf4 63. Rc4 Rf1 64. b5 Rd1 65. Kb4 g5 66. b6 Kg7
67. Kc5 1-0